000 01036nam a2200217Ia 4500
001 10394
003 GE_BSU
008 181216s||||||||xx |||||||||||||| ||und||
020 _a9789992847131
040 _cGE_BSU
080 _a821.353.1+821.353.1-31
245 _aქართული მწერლობა 40 ტომად. ტ.19. ანტონ ფურცელაძე
245 _cშემდგ.ა.ბაქრაძე.რ.თვარაძე.სარედ.კოლ.გ.აბაშიძე და სხვ.ტომის რედ.ნ.ვახანია.მხატვ.გ.ღლონტი
260 _aთბილისი
260 _bნაკადული
260 _c2003
300 _a575გვ.20სმ.
520 _aტომეული თავდაპირველად გამოდიოდა 30ტომად.2007 წლის შემდეგ გამოდის 40 ტომად
653 _aქართული მწერლობა
942 _cBK
999 _c43655
_d43655